Ritual, Politics and City in Fatimid Cairo (Record no. 12201)

MARC details
000 -LEADER
fixed length control field 00671nam a2200241 a 4500
020 ## - INTERNATIONAL STANDARD BOOK NUMBER
ISBN 0791424
082 00 - DEWEY DECIMAL CLASSIFICATION NUMBER
Classification number 909.097671
Author Cutter SAN
100 ## - MAIN ENTRY--AUTHOR NAME
Author name Sanders, Paula
245 ## - TITLE STATEMENT
Title Ritual, Politics and City in Fatimid Cairo
260 ## - PUBLICATION, DISTRIBUTION, ETC. (IMPRINT)
Place of publication Albany
Name of publisher State University of New York
Year of publication 1994
300 ## - PHYSICAL DESCRIPTION
Number of Pages 231p
500 ## - GENERAL NOTE
General note includes index and biblioraphy
505 2# - FORMATTED CONTENTS NOTE
Formatted contents note Selrcted Bibliography, Abbreviation, Commentary
650 ## - SUBJECT ADDED ENTRY--TOPICAL TERM
Topical Term Islamic-Empire Fatimids
942 ## - ADDED ENTRY ELEMENTS (KOHA)
Koha item type Books
700 1# -
-- Sanders, Paula
Holdings
Collection code Home library Current library Date acquired Cost, normal purchase price Full call number Accession Number Koha item type
  Henry Martyn Institute Library Henry Martyn Institute Library 06/05/2007 1007.50 909.097671 SAN 018355 Books
                   Copyright © 2026 | Henry Martyn Institute | Hyderabad | TS-500052 | INDIA | Implemented by hmi.edu.in
Hit-Count:

Powered by Koha